<?xml version="1.0" encoding="UTF-8"?>
<record
    xmlns:xsi="http://www.w3.org/2001/XMLSchema-instance"
    xsi:schemaLocation="http://www.loc.gov/MARC21/slim http://www.loc.gov/standards/marcxml/schema/MARC21slim.xsd"
    xmlns="http://www.loc.gov/MARC21/slim">

  <leader>01080nam a2200241 a 4500</leader>
  <controlfield tag="001">829</controlfield>
  <controlfield tag="005">20221127090030.0</controlfield>
  <controlfield tag="008">050920s       lsu a      |   00000|ara d</controlfield>
  <datafield tag="020" ind1=" " ind2=" ">
    <subfield code="a">9960244970 :</subfield>
    <subfield code="c">&#x631;&#x633; 160.00(&#x645;&#x62C;&#x645;&#x648;&#x639;&#x629;).</subfield>
  </datafield>
  <datafield tag="035" ind1=" " ind2=" ">
    <subfield code="a">842</subfield>
  </datafield>
  <datafield tag="082" ind1="0" ind2="4">
    <subfield code="a">658.4012</subfield>
    <subfield code="b">&#x647;&#x640; 573</subfield>
  </datafield>
  <datafield tag="100" ind1="1" ind2=" ">
    <subfield code="a">&#x647;&#x644;&#x60C; &#x634;&#x627;&#x631;&#x644;&#x632;.</subfield>
  </datafield>
  <datafield tag="245" ind1="1" ind2="2">
    <subfield code="a">&#x627;&#x644;&#x627;&#x62F;&#x627;&#x631;&#x629; &#x627;&#x644;&#x627;&#x633;&#x62A;&#x631;&#x627;&#x62A;&#x64A;&#x62C;&#x64A;&#x629; : &#x645;&#x62F;&#x62E;&#x644; &#x645;&#x62A;&#x643;&#x627;&#x645;&#x644; /</subfield>
    <subfield code="c">&#x634;&#x627;&#x631;&#x644;&#x632; &#x647;&#x644;&#x60C; &#x62C;&#x627;&#x631;&#x64A;&#x62B; &#x62C;&#x648;&#x646;&#x632; &#x61B; &#x62A;&#x631;&#x62C;&#x645;&#x629; &#x648;&#x645;&#x631;&#x627;&#x62C;&#x639;&#x629; &#x631;&#x641;&#x627;&#x639;&#x64A; &#x645;&#x62D;&#x645;&#x62F; &#x631;&#x641;&#x627;&#x639;&#x64A;&#x60C; &#x645;&#x62D;&#x645;&#x62F; &#x633;&#x64A;&#x62F;&#x627;&#x62D;&#x645;&#x62F; &#x639;&#x628;&#x62F;&#x627;&#x644;&#x645;&#x62A;&#x639;&#x627;&#x644;.</subfield>
  </datafield>
  <datafield tag="260" ind1=" " ind2=" ">
    <subfield code="a">&#x627;&#x644;&#x631;&#x64A;&#x627;&#x636; :</subfield>
    <subfield code="b">&#x62F;&#x627;&#x631; &#x627;&#x644;&#x645;&#x631;&#x64A;&#x62E;&#x60C;</subfield>
    <subfield code="c">2006.</subfield>
  </datafield>
  <datafield tag="300" ind1=" " ind2=" ">
    <subfield code="a">2 &#x62C; :</subfield>
    <subfield code="b">&#x627;&#x64A;&#x636;. &#x61B;</subfield>
    <subfield code="c">24 &#x633;&#x645;.</subfield>
  </datafield>
  <datafield tag="500" ind1=" " ind2=" ">
    <subfield code="a">&#x62A;&#x631;&#x62C;&#x645;&#x629; &#x644;&#x643;&#x62A;&#x627;&#x628; : Strategic management / Charles Hill, Gareth Jones. 4th ed. 1998.</subfield>
  </datafield>
  <datafield tag="650" ind1=" " ind2="4">
    <subfield code="a">&#x627;&#x62F;&#x627;&#x631;&#x629; &#x627;&#x644;&#x627;&#x639;&#x645;&#x627;&#x644;.</subfield>
  </datafield>
  <datafield tag="650" ind1=" " ind2="4">
    <subfield code="a">&#x627;&#x644;&#x627;&#x62F;&#x627;&#x631;&#x629; &#x627;&#x644;&#x627;&#x633;&#x62A;&#x631;&#x627;&#x62A;&#x64A;&#x62C;&#x64A;&#x629;.</subfield>
  </datafield>
  <datafield tag="650" ind1=" " ind2="4">
    <subfield code="a">&#x627;&#x644;&#x646;&#x62C;&#x627;&#x62D; &#x627;&#x644;&#x627;&#x62F;&#x627;&#x631;&#x64A;.</subfield>
  </datafield>
  <datafield tag="700" ind1="1" ind2=" ">
    <subfield code="a">&#x62C;&#x648;&#x646;&#x632;&#x60C; &#x62C;&#x627;&#x631;&#x64A;&#x62B;&#x60C;</subfield>
    <subfield code="e">&#x645;. &#x645;&#x634;&#x627;&#x631;&#x643;.</subfield>
  </datafield>
  <datafield tag="700" ind1="1" ind2=" ">
    <subfield code="a">&#x631;&#x641;&#x627;&#x639;&#x64A;&#x60C; &#x631;&#x641;&#x627;&#x639;&#x64A; &#x645;&#x62D;&#x645;&#x62F;&#x60C;</subfield>
    <subfield code="e">&#x645;&#x62A;&#x631;&#x62C;&#x645;.</subfield>
  </datafield>
  <datafield tag="700" ind1="1" ind2=" ">
    <subfield code="a">&#x639;&#x628;&#x62F;&#x627;&#x644;&#x645;&#x62A;&#x639;&#x627;&#x644;&#x60C; &#x645;&#x62D;&#x645;&#x62F; &#x633;&#x64A;&#x62F;&#x627;&#x62D;&#x645;&#x62F;&#x60C;</subfield>
    <subfield code="e">&#x645;&#x62A;&#x631;&#x62C;&#x645;.</subfield>
  </datafield>
  <datafield tag="999" ind1=" " ind2=" ">
    <subfield code="c">829</subfield>
    <subfield code="d">829</subfield>
  </datafield>
  <datafield tag="952" ind1=" " ind2=" ">
    <subfield code="0">0</subfield>
    <subfield code="1">0</subfield>
    <subfield code="4">0</subfield>
    <subfield code="7">0</subfield>
    <subfield code="a">CENTRAL</subfield>
    <subfield code="b">CENTRAL</subfield>
    <subfield code="d">2022-11-27</subfield>
    <subfield code="l">0</subfield>
    <subfield code="o">658.4012 &#x645;DC 573</subfield>
    <subfield code="p">1000000004445</subfield>
    <subfield code="r">2022-11-27 00:00:00</subfield>
    <subfield code="t">C1</subfield>
    <subfield code="w">2022-11-27</subfield>
    <subfield code="y">BK</subfield>
  </datafield>
</record>
